[Event "Balatonbereny op"]
[Site "Balatonbereny"]
[Date "1992.??.??"]
[Round "5"]
[White "Burmakin, Vladimir"]
[Black "Klinger, Josef"]
[Result "1-0"]
[WhiteElo "2375"]
[BlackElo "2480"]

1.d4 e6 2.e4 d5 3.Nd2 Nc6 4.Ngf3 Nf6 5.e5 Nd7 6.c3 f6 7.exf6 Qxf6 8.Nb3 Bd6
9.Bg5 Qf7 10.Be3 O-O 11.Bd3 Nf6 12.Ng5 Qe7 13.Qc2 h6 14.Nh7 Nxh7 15.Bxh7+ Kh8
16.O-O-O a5 17.Nd2 e5 18.dxe5 Nxe5 19.Rhe1 Qf6 20.f4 Ng4 21.Bd4 Qxf4 22.h3 Nf6
23.g3 Qg5 24.Be3 Qxg3 25.Bd4 Bxh3 26.Rg1 Qf4 27.Qg6 Bg4 28.Rdf1 Qg5 29.Bxf6 Rxf6
30.Rxf6 Qxf6 31.Rxg4 Rf8 32.Qxf6 Rxf6 33.Bg6 Bf4 34.Kd1 Bg5 35.Bd3 Rf4 36.Rxf4 Bxf4
37.Bg6 Kg8 38.Nb3 a4 39.Nc5 b5 40.Ne6 Bd6 41.Kd2 c5 42.Kd3 b4 43.cxb4 cxb4
44.Kd4 Be7 45.Kxd5 b3 46.axb3 axb3 47.Kc4 Bf6 48.Kxb3 h5 49.Bxh5 Kh7 50.Ka3 Kh6
51.Bg4 Bxb2+ 52.Kxb2 Kg6 53.Kc3 Kf6 54.Kd4 Ke7 55.Kd5 Kf6 56.Kd6 g5 57.Nd8 Kg7
58.Ke7 Kg6 59.Ne6 Kh7 60.Kf7 Kh6 61.Nd8 Kh7 62.Nc6 Kh8 63.Bf5 g4 64.Ne5 g3  1-0

[Event "Balatonbereny op"]
[Site "Balatonbereny"]
[Date "1992.??.??"]
[Round "8"]
[White "Hennigan, Michael"]
[Black "Bagonyai, Attila"]
[Result "1-0"]
[WhiteElo "2400"]
[BlackElo "2255"]

1.e4 e6 2.d4 d5 3.Nd2 a6 4.Ngf3 c5 5.exd5 exd5 6.Be2 c4 7.O-O Bd6 8.b3 cxb3
9.axb3 Ne7 10.Re1 O-O 11.Nf1 Nbc6 12.Ne3 Bb4 13.Bd2 Bxd2 14.Qxd2 Qb6 15.c4 Qd8
16.c5 Bd7 17.Ne5 Na7 18.f4 Bb5 19.f5 Bxe2 20.Rxe2 Nec6 21.Rae1 Qh4 22.Nf3 Qd8
23.f6 Qxf6 24.Nxd5 Qf5 25.Re5 Qg6 26.Nh4 Qg4 27.R1e4 Nxe5 28.Rxg4 Nxg4 29.Nf5 f6
30.h3 Nh6 31.Nxh6+ gxh6 32.Qxh6 Rf7 33.Nxf6+ Kh8 34.d5 Raf8 35.Nxh7  1-0

[Event "Bern op"]
[Site "Bern"]
[Date "1992.??.??"]
[Round "3"]
[White "Blauert, Joerg"]
[Black "Foisor, Ovidiu"]
[Result "1-0"]
[WhiteElo "2375"]
[BlackElo "2425"]

1.e4 e6 2.d4 d5 3.Nd2 Nc6 4.Ngf3 Nf6 5.e5 Nd7 6.Be2 f6 7.exf6 Qxf6 8.Nf1 b6
9.Ne3 Bb7 10.Ng4 Qg6 11.Nh4 Qf7 12.f4 Bd6 13.Ne5 Ndxe5 14.fxe5 Be7 15.Nf3 O-O-O
16.Bg5 h6 17.Bxe7 Qxe7 18.O-O Rhf8 19.c3 Na5 20.b3 c5 21.Qd2 Kb8 22.Rac1 g5
23.g3 Nc6 24.Qe3 h5 25.Rcd1 h4 26.Nxg5 hxg3 27.hxg3 cxd4 28.cxd4 Rg8 29.Nh3 Qh7
30.Nf4 Ne7 31.Bd3 Nf5 32.Bxf5 Qxf5 33.Kg2 Rg4 34.Rf3 Rh8 35.Rh1 Rc8 36.Rh5 Qb1
37.Rf2 Rc1 38.Ne2 Rc8  1-0

[Event "Bern op"]
[Site "Bern"]
[Date "1992.??.??"]
[Round "6"]
[White "Kveinys, Aloyzas"]
[Black "Meier, T."]
[Result "1-0"]
[WhiteElo "2485"]
[BlackElo "2280"]

1.e4 e6 2.d4 d5 3.Nd2 Nc6 4.Ngf3 Nf6 5.e5 Nd7 6.Bd3 f6 7.exf6 Qxf6 8.Nf1 Bd6
9.Ne3 O-O 10.O-O Bf4 11.c3 Qf7 12.Qe2 Kh8 13.Ng4 Bxc1 14.Raxc1 Qf4 15.h3 h5
16.Nge5 Ndxe5 17.Nxe5 Nxe5 18.Qxh5+  1-0

[Event "Bern op"]
[Site "Bern"]
[Date "1992.??.??"]
[Round "9"]
[White "Kengis, Edvins"]
[Black "Ambroz, Jan"]
[Result "1-0"]
[WhiteElo "2575"]
[BlackElo "2415"]

1.e4 e6 2.d4 d5 3.Nd2 Be7 4.Bd3 c5 5.dxc5 Nf6 6.exd5 exd5 7.Nb3 O-O 8.Ne2 Nbd7
9.Be3 Qc7 10.Bd4 a5 11.a4 Ne4 12.Bxe4 dxe4 13.Nc3 Bxc5 14.O-O Bxd4 15.Nxd4 Nf6
16.Ndb5 Qc6 17.Qd6 Bf5 18.Rad1 Bg4 19.Rd2 h6 20.h3 Bh5 21.Qxc6 bxc6 22.Nd6 Rfd8
23.g4 Bg6 24.Rfd1 Rdb8 25.b3 Kh7 26.Nc4 Re8 27.Rd6 e3 28.Nxe3 Rxe3 29.fxe3 Bxc2
30.R1d2 Bxb3 31.Rxc6 Re8 32.Rb6 Be6 33.e4 Rc8 34.Rd3 Nd7 35.Rb5 Nc5 36.Re3 Nb3
37.Kf2 Nd2 38.Ke2 Nc4 39.Rd3 Rc6 40.Nd5  1-0

[Event "Bled op"]
[Site "Bled"]
[Date "1992.??.??"]
[Round "2"]
[White "Sermek, Drazen"]
[Black "Furlan, Miha"]
[Result "1-0"]
[WhiteElo "2465"]
[BlackElo "2255"]

1.e4 e6 2.d4 d5 3.Nd2 Nc6 4.c3 dxe4 5.Nxe4 Qd5 6.Bd3 e5 7.Qe2 Be6 8.Nf3 exd4
9.O-O O-O-O 10.Nxd4 Nxd4 11.cxd4 Nh6 12.Bg5 f6 13.Bxh6 gxh6 14.Nxf6 Qd6 15.Rfe1 Bf7
16.Bf5+ Kb8 17.Qe5 Qxe5 18.dxe5 Bg6 19.Nd7+ Ka8 20.Bxg6 hxg6 21.e6 Be7 22.Ne5  1-0

[Event "SWE-ch"]
[Site "Borlange"]
[Date "1992.??.??"]
[Round "12"]
[White "Jepson, Christian"]
[Black "Karlsson, Lars"]
[Result "1/2-1/2"]
[WhiteElo "2310"]
[BlackElo "2480"]

1.e4 e6 2.d4 d5 3.Nd2 a6 4.Ngf3 c5 5.exd5 exd5 6.Be2 Nf6 7.O-O Be7 8.dxc5 Bxc5
9.Nb3 Bb6 10.Bg5 O-O 11.c3 Re8 12.Nfd4 Qd6 13.Bd3 Nc6 14.Re1 Rxe1+ 15.Qxe1 Bd7
16.Qd2 Ne4 17.Bxe4 dxe4 18.Nxc6 Qxc6 19.Be3 Bc7 20.Bf4 Bb6 21.Be3 Bc7 22.Bf4 Bb6
23.Be3 Bc7 24.Bf4 Bb6 25.Be3 Bc7  1/2-1/2

[Event "Bozen op"]
[Site "Bozen"]
[Date "1992.??.??"]
[Round "9"]
[White "Ziegler, Ari"]
[Black "Legky, Nikolay A"]
[Result "0-1"]
[WhiteElo "2295"]
[BlackElo "2445"]

1.d4 e6 2.e4 d5 3.Nd2 a6 4.Ngf3 c5 5.exd5 exd5 6.dxc5 Bxc5 7.Nb3 Bb6 8.Be2 Nf6
9.O-O O-O 10.Nbd4 Nc6 11.h3 Re8 12.Be3 Bc7 13.Re1 Qd6 14.Nxc6 bxc6 15.c4 Rxe3
16.fxe3 Bxh3 17.Bf1 Bg4 18.Re2 Ne4 19.Qe1 Qg6 20.Nh2 Bg3 21.Qc1 Bxh2+  0-1

[Event "Multicoop op"]
[Site "Budapest"]
[Date "1992.??.??"]
[Round "2"]
[White "Purtov, Andrei"]
[Black "Gruzmann, Boris"]
[Result "1/2-1/2"]
[WhiteElo "2435"]
[BlackElo "2295"]

1.e4 e6 2.d4 d5 3.Nd2 a6 4.Ngf3 Nf6 5.e5 Nfd7 6.c4 c5 7.cxd5 exd5 8.Qb3 cxd4
9.Qxd5 Nc6 10.Bc4 Ndxe5 11.Nxe5 Qxd5 12.Bxd5 Nxe5 13.O-O Be7 14.Nb3 O-O 15.Rd1 d3
16.Re1 Bd6 17.Bf4 Nc4 18.Bxc4 Bxf4 19.Rad1 Bf5 20.Bxd3 Bxd3 21.Rxd3 Rfe8
22.Rxe8+ Rxe8 23.g3 Be5 24.Re3 f6 25.Re2 Rc8 26.Rd2 g5 27.h3 b6 28.Kf1 Rc4
29.Ke2 Rb4 30.Kd3 a5 31.Rc2 a4 32.Nd2 Bxb2 33.Rc4 Ba3 34.Rc8+ Kg7 35.Rc7+ Kg6
36.Ne4 Bb2 37.g4 b5 38.Ng3 Rd4+ 39.Kc2 a3 40.Nf5 Rc4+ 41.Rxc4 bxc4 42.Nd6 c3
43.Nf5 h5 44.Nd6 hxg4 45.hxg4 Kg7 46.f3 Kg6 47.Kd3 Ba1 48.Nb5 Bb2 49.Nxc3 f5
50.Nd5 fxg4 51.fxg4 Kf7 52.Ne3 Bf6 53.Ke4 Ke6 54.Nd5 Bb2 55.Nb4 Bf6 56.Nd3 Be7
57.Ne5 Bd8 58.Nc6 Bf6 59.Na5 Bd8 60.Nb3 Bb6 61.Nd2 Bd8 62.Kd4 Bf6+ 63.Ke4 Bd8
64.Nf1 Bb6 65.Nd2 Bd8 66.Nf3 Bf6 67.Ng1 Bd8 68.Ne2 Bf6 69.Nc1 Bd8 70.Nb3 Bb6
71.Na1 Ba7 72.Nc2 Bc5 73.Ne1 Be7 74.Nd3 Bd6 75.Kd4 Be7 76.Ne1 Bf6+ 77.Ke4 Be7
78.Kd4 Bf6+ 79.Ke4 Be7  1/2-1/2

[Event "Elekes mem"]
[Site "Budapest"]
[Date "1992.??.??"]
[Round "6"]
[White "Tseitlin, Mikhail S"]
[Black "Holzke, Frank"]
[Result "1/2-1/2"]
[WhiteElo "2480"]
[BlackElo "2395"]

1.e4 e6 2.d4 d5 3.Nd2 Nc6 4.Ngf3 Nf6 5.e5 Nd7 6.Nb3 a5 7.a4 b6 8.h4 Bb7 9.Rh3 Qc8
10.h5 h6 11.g4 Ba6 12.Nh4 Bxf1 13.Kxf1 Be7 14.f4 Qa6+ 15.Qe2 Qxe2+ 16.Kxe2 Bxh4
17.Rxh4 f5 18.Be3 Ne7 19.Nd2 Nf8 20.Rg1 g6 21.Nf3 fxg4 22.Rgxg4 Kf7 23.b3 Nf5
24.Rh3 gxh5 25.Rxh5 Ng6 26.c4 Nge7 27.Bf2 c6 28.Rh1 Rhg8 29.Rxg8 Rxg8 30.Rg1 Rb8
31.Ra1 dxc4 32.bxc4 b5 33.Rb1 b4 34.Nd2 c5 35.dxc5 Nc6 36.Ne4 Rg8 37.Nd6+ Ke7
38.Nxf5+ exf5 39.Rd1 Rc8 40.Rd6 h5 41.Rh6 b3 42.Rxh5 Rb8 43.Rh1 Rb4 44.Kd3 Rxa4
45.Bd4 Ra2 46.Rh7+  1/2-1/2

[Event "Wch U20"]
[Site "Buenos Aires"]
[Date "1992.??.??"]
[Round "?"]
[White "Jepson, Christian"]
[Black "Playa, Marcelo"]
[Result "0-1"]
[WhiteElo "2295"]
[BlackElo "2380"]

1.e4 e6 2.d4 d5 3.Nd2 a6 4.Ngf3 c5 5.dxc5 Bxc5 6.Bd3 Nc6 7.O-O Nb4 8.Be2 Nf6
9.e5 Nd7 10.Nb3 Ba7 11.Bf4 O-O 12.Nbd4 Bxd4 13.Nxd4 Nc6 14.Nxc6 bxc6 15.Bd3 f5
16.Qe2 Nc5 17.Qe3 Qe7 18.Rac1 h6 19.Qg3 Kh8 20.Be3 a5 21.b3 Ba6 22.Rfd1 Rfd8
23.Bxc5 Qxc5 24.Qg6 Qe7 25.g4 Bxd3 26.cxd3 c5 27.gxf5 exf5 28.f4 Qh4 29.Qg3 Qe7
30.d4 Rac8 31.Qf2 cxd4 32.Qxd4 Qh4 33.Kh1 Qh3 34.e6 Qf3+ 35.Kg1 Qe2 36.Qe5 Qg4+
37.Kf2 Qh4+ 38.Kg2 Qg4+ 39.Kf2 Qh3 40.Rg1 Qxh2+ 41.Rg2 Qh4+ 42.Ke2 Qe7 43.Rxc8 Rxc8
44.Kd1 Rc6 45.Rg6 Rc7 46.Qxd5 Rc8 47.Qxf5 Qd8+ 48.Ke2 Rc1 49.e7 Qd1+ 50.Ke3 Rc3+
51.Ke4 Qd3+ 52.Ke5 Rc5+  0-1

[Event "Buenos Aires Najdorf qual"]
[Site "Buenos Aires"]
[Date "1992.??.??"]
[Round "2"]
[White "Spangenberg, Hugo"]
[Black "Giaccio, Alfredo"]
[Result "0-1"]
[WhiteElo "2305"]
[BlackElo "2370"]

1.e4 e6 2.d4 d5 3.Nd2 a6 4.Ngf3 c5 5.exd5 exd5 6.Be2 c4 7.O-O Bd6 8.Re1 Ne7
9.b3 cxb3 10.axb3 O-O 11.Nf1 Nbc6 12.Ne3 Bb4 13.Bd2 Bxd2 14.Qxd2 Qd6 15.c4 Rd8
16.c5 Qf6 17.b4 Bf5 18.Ra3 h5 19.Rea1 Rac8 20.Rb3 Be4 21.Rd1 Ng6 22.Ne1 Nf4
23.Bf1 Ne6 24.N1c2 Ng5 25.Kh1 Bxc2 26.Nxc2 Ne4 27.Rf3 Qxf3 28.gxf3 Nxd2 29.Rxd2 g6
30.Kg2 Kg7 31.Rd1 Rb8 32.Rb1 b5 33.Ra1 Ra8 34.Kg3 Rdb8 35.Kf4 a5 36.bxa5 b4
37.a6 b3 38.Na3 Nxd4 39.Ke5 b2 40.Rd1 Nc6+ 41.Kd6 Rb3 42.Nb1 Nb8 43.Nd2 Rc3
44.Rb1 Rc2 45.Nb3 Nxa6 46.c6 Rd8+ 47.Ke7 Rb8 48.Nd4 Rc1 49.Bd3 Rb4 50.Nc2 Rxb1
51.Nxb4 Re1+ 52.Kd7 Nxb4  0-1

[Event "Buenos Aires Najdorf qual"]
[Site "Buenos Aires"]
[Date "1992.??.??"]
[Round "5"]
[White "Langier, Daniel"]
[Black "Playa, Marcelo"]
[Result "0-1"]
[WhiteElo "2300"]
[BlackElo "2390"]

1.e4 e6 2.d4 d5 3.Nd2 a6 4.Ngf3 c5 5.dxc5 Bxc5 6.Bd3 Nf6 7.O-O Nc6 8.exd5 exd5
9.Nb3 Be7 10.Be3 Bg4 11.a4 O-O 12.Be2 Bd6 13.Bc5 Bxc5 14.Nxc5 Qd6 15.Nb3 Rfe8
16.h3 Bh5 17.c3 Re4 18.Nfd4 Nxd4 19.Nxd4 Bxe2 20.Nxe2 Nh5 21.Nd4 Nf4 22.Qf3 Rae8
23.Rad1 R8e5 24.Nf5 Qf6 25.Ne3 Qe6 26.Rd4 Rxd4 27.cxd4 Re4 28.Rd1 h6 29.Kh2 g6
30.Rd2 Kg7 31.Nf1 Ne2 32.Ng3 Nxd4 33.Qc3 Qe5 34.f3 Rf4 35.Re2 Qf6 36.Re8 h5
37.Qc8 h4 38.Nf1 Nxf3+ 39.gxf3 Rxf3  0-1

[Event "Calcutta"]
[Site "Calcutta"]
[Date "1992.??.??"]
[Round "4"]
[White "Hegde, Ravi Gopal"]
[Black "Eingorn, Vereslav S"]
[Result "0-1"]
[WhiteElo "2310"]
[BlackElo "2580"]

1.e4 e6 2.d4 d5 3.Nd2 a6 4.Ngf3 c5 5.exd5 exd5 6.Be2 c4 7.O-O Bd6 8.b3 cxb3
9.axb3 Nc6 10.c4 Nge7 11.Re1 O-O 12.Nf1 Bf5 13.Bd3 Rc8 14.Ba3 Bxa3 15.Rxa3 Qd6
16.c5 Qf6 17.Ne3 Be4 18.Ng4 Qf4 19.Nge5 Bxf3 20.Nxf3 Ng6 21.Ra2 Nxd4 22.Nxd4 Qxd4
23.Bxg6 Qxd1 24.Rxd1 hxg6 25.Rxd5 Rfd8 26.Rad2 Rxd5 27.Rxd5 b6 28.b4 bxc5
29.bxc5 Kf8 30.Kf1 Ke7 31.Ke2 Rd8 32.Re5+ Kd7 33.Rd5+ Kc7 34.Rxd8 Kxd8 35.Kd3 Kc7
36.Kc4 Kc6 37.f4 a5 38.g3 f6 39.Kd4 a4 40.Kc4 a3 41.Kb3 Kxc5 42.Kxa3 Kc4
43.Kb2 Kd3 44.Kc1 Ke2 45.Kc2 Kf3 46.Kd3 Kg2 47.Ke3 Kxh2 48.Kf3 Kg1  0-1

[Event "Calcutta"]
[Site "Calcutta"]
[Date "1992.??.??"]
[Round "6"]
[White "King, Daniel J"]
[Black "Eingorn, Vereslav S"]
[Result "1/2-1/2"]
[WhiteElo "2505"]
[BlackElo "2580"]

1.e4 e6 2.d4 d5 3.Nd2 a6 4.Ngf3 c5 5.exd5 exd5 6.dxc5 Bxc5 7.Nb3 Ba7 8.Bg5 Ne7
9.Qd2 Nbc6 10.Be3 Bxe3 11.Qxe3 O-O 12.O-O-O Bg4 13.Kb1 a5 14.a3 Re8 15.Qf4 Bxf3
16.Qxf3  1/2-1/2

[Event "Cannes Martinez op"]
[Site "Cannes"]
[Date "1992.??.??"]
[Round "?"]
[White "Relange, Eloi"]
[Black "Schwartzman, Gabriel"]
[Result "0-1"]
[WhiteElo "2285"]
[BlackElo "2340"]

1.e4 e6 2.d4 d5 3.Nd2 a6 4.Ngf3 c5 5.c3 Nc6 6.Bd3 Nf6 7.e5 Nd7 8.O-O Qb6
9.a3 cxd4 10.cxd4 Nxd4 11.Nxd4 Qxd4 12.Nf3 Qb6 13.Qa4 g6 14.Be3 Qd8 15.Rac1 Bg7
16.Bc5 Bf8 17.Be3 Bg7 18.Bg5 Qb6 19.b4 O-O 20.Be7 Nxe5 21.Nxe5 Bxe5 22.Be2 Bd6
23.Bxf8 Kxf8 24.Bf3 Qd8 25.Qb3 Bd7 26.Rfd1 Bc6 27.g3 Kg8 28.Rd2 Qd7 29.Qc3 Bf8
30.Bg2 Qd8 31.Qb3 Bh6 32.f4 Qb6+ 33.Kh1 a5 34.Qc3 Bg7 35.Qc5 Qxc5 36.bxc5 a4
37.h3 Ra5 38.Kg1 Rb5 39.Bf1 Rb3 40.Rd3 Rxd3 41.Bxd3 Bb2 42.Rc2 Bxa3 43.Kf2 f6
44.Ke3 e5 45.fxe5 fxe5 46.Be2 Bb4  0-1

[Event "EU-chT (Men)"]
[Site "Debrecen"]
[Date "1992.??.??"]
[Round "8"]
[White "Donchev, Dimitar I"]
[Black "Eingorn, Vereslav S"]
[Result "0-1"]
[WhiteElo "2520"]
[BlackElo "2590"]

1.e4 e6 2.d4 d5 3.Nd2 a6 4.Ngf3 c5 5.exd5 exd5 6.dxc5 Bxc5 7.Nb3 Ba7 8.Bd3 Qe7+
9.Qe2 Nc6 10.c3 Bg4 11.O-O Qxe2 12.Bxe2 Nf6 13.h3 Bh5 14.g4 Bg6 15.Nfd4 h5
16.Kg2 hxg4 17.hxg4 Ne5 18.f3 O-O-O 19.Rf2 Rde8 20.Bf4 Nc4 21.Bd1 Nd7 22.Bc2 Bxc2
23.Rxc2 Bb8 24.Kg3 Bxf4+ 25.Kxf4 Rh3 26.Rf2 Nde5 27.Rd1 Ng6+ 28.Kg5 Rh6 29.Re2  0-1

[Event "Dortmund op-A"]
[Site "Dortmund"]
[Date "1992.??.??"]
[Round "6"]
[White "Pachow, Joerg"]
[Black "Borngaesser, Rene"]
[Result "0-1"]
[WhiteElo "2240"]
[BlackElo "2360"]

1.e4 e6 2.d4 d5 3.Nd2 Nc6 4.Ngf3 Nf6 5.e5 Nd7 6.Bb5 Be7 7.O-O O-O 8.c3 f6
9.exf6 Bxf6 10.Re1 Re8 11.Ne5 Bxe5 12.dxe5 Ncxe5 13.f4 c6 14.fxe5 Qb6+ 15.Kh1 Qxb5
16.Nf3 Nc5 17.Be3 Ne4 18.Qc2 c5 19.Ng5 Nxg5 20.Bxg5 b6 21.h4 Rf8 22.Re3 Bd7
23.a4 Qc4 24.b3 Qg4 25.Kh2 Kh8 26.Rg3 Qh5 27.Rh1 Rf5 28.Rf1 Rxg5  0-1

[Event "Dubai Asian Cities"]
[Site "Dubai"]
[Date "1992.??.??"]
[Round "6"]
[White "Momeni, Hadi"]
[Black "Johansen, Darryl K"]
[Result "0-1"]
[WhiteElo "2205"]
[BlackElo "2485"]

1.e4 e6 2.d4 d5 3.Nd2 Nc6 4.Ngf3 Nf6 5.e5 Nd7 6.c3 f6 7.exf6 Qxf6 8.Nb3 Bd6
9.Be2 O-O 10.O-O h6 11.Be3 b6 12.c4 dxc4 13.Nbd2 Na5 14.Nxc4 Nxc4 15.Bxc4 Bb7
16.Be2 Qg6 17.Nh4 Qe4 18.Nf3 Nf6 19.Qd3 Qd5 20.Qg6 Qf5 21.Nh4 Qe4 22.Qxe4 Bxe4
23.Bf3 Bxf3 24.Nxf3 Nd5 25.Rac1 Kf7 26.a3 Ke7 27.Rc2 g5 28.Rfc1 a5 29.h4 g4
30.Ne5 Bxe5 31.dxe5 h5 32.Rxc7+ Nxc7 33.Rxc7+ Ke8 34.Bxb6 Rf5 35.Rh7 Ra6
36.Bd4 Rc6 37.Bc3 Rc4 38.Rh6 Kd7 39.Rf6 Rxf6 40.exf6 a4 41.g3 Rc5 42.Kf1 Rf5
43.Ke2 e5 44.Ke3 Ke6 45.Be1 Kd5 46.Kd3 Rf3+ 47.Kc2 Kc4  0-1

[Event "Wch U18 Girls"]
[Site "Duisburg"]
[Date "1992.??.??"]
[Round "8"]
[White "Aviles Caratini, E."]
[Black "Dubinka, Inna"]
[Result "0-1"]
[WhiteElo "2005"]
[BlackElo "2185"]

1.e4 e6 2.d4 d5 3.Nd2 a6 4.Ngf3 c5 5.exd5 exd5 6.h3 Nc6 7.Nb3 c4 8.Nbd2 Bd6
9.Be2 Nge7 10.O-O O-O 11.Re1 Nf5 12.c3 b5 13.Nf1 a5 14.Ne3 Nxe3 15.Bxe3 Bf5
16.Qc1 Qc7 17.Bd1 b4 18.Bc2 Ne7 19.Nh4 Bxc2 20.Qxc2 Qd7 21.Bd2 Rfb8 22.b3 Rc8
23.cxb4 axb4 24.bxc4 Rxc4 25.Qb2 Qa7 26.Be3 Qa3 27.Qxa3 Rxa3 28.Rec1 f6 29.g4 Rxc1+
30.Rxc1 Rxa2 31.Rb1 Kf7 32.Ng2 b3 33.Nf4 b2 34.Kg2 Ba3 35.Nd3 Ra1 36.Rxb2 Bxb2
37.Nxb2 Ra3 38.h4 Nc6 39.Kf3 Nxd4+  0-1

[Event "Eger op"]
[Site "Eger"]
[Date "1992.??.??"]
[Round "?"]
[White "Jensen, Leif"]
[Black "Bee, Marcus"]
[Result "0-1"]
[WhiteElo "2205"]
[BlackElo "2315"]

1.e4 e6 2.d4 d5 3.Nd2 Nc6 4.c3 e5 5.dxe5 dxe4 6.Nxe4 Qxd1+ 7.Kxd1 Nxe5 8.Bf4 Ng4
9.f3 f5 10.fxg4 fxe4 11.Bxc7 Bxg4+ 12.Kc2 Nf6 13.Bb5+ Kf7 14.h3 Be6 15.Re1 Bc5
16.Ne2 a6 17.Ba4 b5 18.Bb3 Rhe8 19.Rhf1 Rac8 20.Bg3 Kg8 21.Nf4 Bxb3+ 22.axb3 g5
23.Ne2 Nd5 24.Bf2 Bxf2 25.Rxf2 Nb4+ 26.Kb1 Nd3 27.Ref1 Nxf2 28.Rxf2 Rf8 29.c4 Rxf2
30.Nd4  0-1

[Event "Espoo op"]
[Site "Espoo"]
[Date "1992.??.??"]
[Round "?"]
[White "Zapolskis, Antanas"]
[Black "Kekki, Petri"]
[Result "0-1"]
[WhiteElo "2400"]
[BlackElo "2285"]

1.e4 e6 2.d4 d5 3.Nd2 Nc6 4.Ngf3 Nf6 5.e5 Nd7 6.Nb3 a5 7.c3 b6 8.Bd3 Ba6
9.Bxa6 Rxa6 10.Qe2 Ra8 11.O-O Qc8 12.Be3 Qa6 13.Qc2 Be7 14.Rac1 Rc8 15.Nbd2 Na7
16.c4 dxc4 17.Nxc4 O-O 18.Bg5 Rfe8 19.Bxe7 Rxe7 20.Qe4 Nf8 21.Ne3 Rd8 22.h4 Red7
23.h5 h6 24.Rfd1 Nc8 25.g4 Nh7 26.d5 Qb7 27.Rd4 exd5 28.Qf4 c5 29.Rd2 Qc6
30.Kh2 f6 31.Nd4 fxe5 32.Nxc6 exf4 33.Nf5 Re8 34.a3 Nf6 35.Kh3 Nd6 36.b4 Nxf5
37.gxf5 Rd6 38.Na7 Ne4 39.Nb5 Rd7 40.Rb2 axb4 41.axb4 f3 42.Kg4 Rf7 43.bxc5 bxc5
44.Nc3 Nxc3 45.Rxc3 Re4+ 46.Kg3 Rxf5 47.Rxc5 Re1 48.Kg4 Ree5 49.Rb8+ Rf8
50.Rxf8+ Kxf8 51.Rc3 Rg5+ 52.Kh4 Ke7 53.Rxf3 Ke6 54.Rf4 Ke5 55.Rf7 Ke4 56.Re7+ Kf3
57.Rf7+ Ke2 58.f4 Rg1 59.Kh3 d4 60.Kh2 Kf2 61.Rd7 Rg4 62.Kh3 Rxf4 63.Rxg7 d3
64.Rd7 Ke3  0-1

[Event "Forli op"]
[Site "Forli"]
[Date "1992.??.??"]
[Round "2"]
[White "Palac, Mladen"]
[Black "Andrienko, Anatoly"]
[Result "1-0"]
[WhiteElo "2505"]
[BlackElo "2230"]

1.e4 e6 2.d4 d5 3.Nd2 Nc6 4.Ngf3 Nf6 5.e5 Nd7 6.Bb5 Be7 7.O-O Na5 8.c3 a6
9.Ba4 b5 10.Bc2 c5 11.dxc5 Nc6 12.Re1 Nxc5 13.Nb3 Bb7 14.Nbd4 Nb8 15.Nd2 Nbd7
16.b4 Na4 17.Bxa4 bxa4 18.Qxa4 O-O 19.f4 a5 20.b5 Rc8 21.Re3 Nc5 22.Qd1 Ne4
23.Nxe4 dxe4 24.a4 f6 25.Rg3 Bd5 26.Qg4 Rf7 27.f5 Bc5 28.Be3 Bxd4 29.Bxd4 fxe5
30.Bxe5 exf5 31.Qf4 Bb3 32.Rg5 Qd7 33.h4 Re8 34.b6 Qe6 35.Bd4 e3 36.Rg3 e2
37.Re3 Qc8 38.Re1 Rxe3 39.Qxe3 Bc4 40.Qe5 Ba6 41.Qxa5 f4 42.Qe5 Qg4 43.b7 Bxb7
44.Qe8+ Rf8 45.Qxe2 f3 46.Qa2+ Kh8 47.Qf2 Be4 48.Kh2 Kg8 49.Qg3 Qxg3+ 50.Kxg3 Bc6
51.gxf3 Rxf3+ 52.Kg4 h5+ 53.Kxh5 Rg3  1-0

[Event "Forli op"]
[Site "Forli"]
[Date "1992.??.??"]
[Round "9"]
[White "Caruso, Augusto"]
[Black "Vezzosi, Paolo"]
[Result "1/2-1/2"]
[WhiteElo "2235"]
[BlackElo "2325"]

1.e4 e6 2.d4 d5 3.Nd2 Be7 4.Bd3 c5 5.c3 Nc6 6.Ne2 cxd4 7.cxd4 dxe4 8.Nxe4 Nf6
9.a3 O-O 10.O-O e5 11.Nxf6+ Bxf6 12.dxe5 Nxe5 13.Be4 Bg4 14.Qc2 h6 15.Bxb7 Rb8
16.Be4 Qb6 17.Rb1 Rfc8 18.Nc3 Qe6 19.Bf4 Qc4 20.h3 Be6 21.Rfe1 Qc5 22.Qe2 Re8
23.Qh5 Rbd8 24.Rbd1 Nd3 25.Qxc5 Nxc5 26.Bc2 Bb3 27.Bxb3 Nxb3 28.Rxd8 Rxd8
29.Re3 Nd2 30.Be5 Bg5 31.f4 Nc4 32.Re2 Bh4 33.Kh2 Rd3 34.Ne4 f5 35.Nf2 Bg3+
36.Kg1 Rb3 37.Bc3 Bxf4 38.Re7 g5 39.Nd3 Be3+ 40.Kf1 Nxb2 41.Re8+ Kf7 42.Rxe3 Nd1
43.Rf3 Nxc3 44.Rxf5+ Kg8 45.a4 Nxa4 46.Ra5 Nb6 47.Ne5 Nc8 48.Rc5 Nd6 49.Ra5 Rb1+
50.Kf2 Rb5 51.Rxb5 Nxb5 52.Nc6 Kf7 53.Kf3 a6 54.Kg4 Nd6 55.Kh5 Kg7 56.h4 Ne4
57.hxg5 hxg5 58.Kg4 Kf6 59.Na5 Kg6 60.Nc6 Nf6+ 61.Kf3 Kf5 62.Na5 Ng4 63.Nb3 Ne5+
64.Kg3 Nc6 65.Kf3 a5 66.Nc5 Nd4+ 67.Ke3 Ne6 68.g4+ Ke5 69.Nd7+ Kd5 70.Kd2 Nc5
71.Nf6+ Ke5 72.Nh5 Ne4+ 73.Kc2 Nf6 74.Ng3 Nd5 75.Nh5 Ke4 76.Kb3 Nb6 77.Ka3 Kf3
78.Nf6 Kf4 79.Kb3 Ke5 80.Nh7 Kf4 81.Nf6  1/2-1/2

[Event "FRA-chT"]
[Site "?"]
[Date "1992.??.??"]
[Round "?"]
[White "Relange, Eloi"]
[Black "Kappler, Jean Marie"]
[Result "0-1"]
[WhiteElo "2275"]
[BlackElo "2280"]

1.e4 e6 2.d4 d5 3.Nd2 Be7 4.Ngf3 Nf6 5.Bd3 c5 6.exd5 Qxd5 7.dxc5 Bxc5 8.Nb3 Bb4+
9.c3 Be7 10.O-O O-O 11.Qe2 Qh5 12.Bf4 Nd5 13.Bg3 Qh6 14.Be4 Nf6 15.Bc2 Nh5
16.Bc7 Na6 17.Bg3 Nxg3 18.hxg3 Qh5 19.Rad1 Nc7 20.c4 Bf6 21.Bb1 Rb8 22.Rfe1 b5
23.c5 Bb7 24.Rd7 Rfc8 25.Rc1 Bd5 26.Na5 Qg4 27.a3 e5 28.c6 e4 29.Qc2 g6 30.Nh2 Qe6
31.Nb7 Bg5 32.Rd6 Bb3 33.Qc3 Qc4 34.Qxc4 bxc4 35.Re1 f5 36.f3 Ne8 37.Rd7 Ba4
38.Nd6 Nxd6 39.Rxd6 Rxb2 40.fxe4 c3 41.exf5 Rxb1 42.Rxb1 c2 43.Re1 Rxc6  0-1

[Event "FRA-chT"]
[Site "?"]
[Date "1992.??.??"]
[Round "?"]
[White "Relange, Eloi"]
[Black "Nemirovski, Serge"]
[Result "1/2-1/2"]
[WhiteElo "2275"]
[BlackElo "2265"]

1.e4 e6 2.d4 d5 3.Nd2 a6 4.Ngf3 c5 5.exd5 exd5 6.dxc5 Bxc5 7.Nb3 Bd6 8.Bd3 h6
9.O-O Ne7 10.Nbd4 O-O 11.h3 Nbc6 12.c3 Bd7 13.Re1 Qc7 14.Qc2 Rfe8 15.Bd2 Nxd4
16.Nxd4 Nc6 17.Nf5 Bf4 18.Rad1 Rxe1+ 19.Rxe1 Nb4 20.cxb4 Qxc2 21.Bxc2 Bxd2
22.Ne7+ Kf8 23.Rd1 Bxb4 24.Nxd5 Ba5 25.Nb6 Bxb6 26.Rxd7 Re8 27.Rxb7 Re1+
28.Kh2 Bxf2 29.Bb3 Re7 30.Rb8+  1/2-1/2

[Event "Troll Masters"]
[Site "Gausdal"]
[Date "1992.??.??"]
[Round "3"]
[White "Kotronias, Vasilios"]
[Black "Djurhuus, Rune"]
[Result "1-0"]
[WhiteElo "2560"]
[BlackElo "2420"]

1.e4 e6 2.d4 d5 3.Nd2 Nc6 4.Ngf3 Nf6 5.e5 Nd7 6.c3 f6 7.Bb5 Be7 8.O-O O-O
9.Re1 fxe5 10.dxe5 a6 11.Ba4 Nb6 12.Bc2 d4 13.Be4 dxc3 14.bxc3 Nd7 15.Qc2 h6
16.Nc4 Nc5 17.Rd1 Bd7 18.Bxh6 Nxe4 19.Qxe4 gxh6 20.Qg6+ Kh8 21.Qxh6+ Kg8
22.Qg6+ Kh8 23.Rd3  1-0

[Event "Peer Gynt"]
[Site "Gausdal"]
[Date "1992.??.??"]
[Round "4"]
[White "Tiviakov, Sergei"]
[Black "Davies, Nigel R"]
[Result "1/2-1/2"]
[WhiteElo "2585"]
[BlackElo "2460"]

1.e4 e6 2.d4 d5 3.Nd2 Be7 4.Bd3 Nc6 5.c3 dxe4 6.Bxe4 Nf6 7.Bf3 O-O 8.Nc4 Nb8
9.Ne2 c5 10.O-O Nc6 11.dxc5 Bxc5 12.b4 Be7 13.b5 Na5 14.Qxd8 Bxd8 15.Nxa5 Bxa5
16.Bg5 e5 17.Bxf6 gxf6 18.c4 f5 19.Bd5 Be6 20.Bxb7 Bxc4 21.Bxa8 Bxe2 22.Rfe1 Bxe1
23.Rxe1 Bxb5 24.Rxe5 Rxa8 25.Rxb5 Rc8 26.g3 f4 27.gxf4 Rc6 28.Ra5 a6 29.Kg2 Kg7
30.Kf3 Kf6 31.Kg4 h6 32.a3 Rb6 33.h4 Rc6 34.Rd5 Kg7 35.Kf5 Rc2 36.Ra5 Rxf2
37.Rxa6 Rh2 38.Kg4 Rh1 39.Kh5 Rf1 40.Rxh6 Rxf4 41.Ra6 Rf1 42.a4 Ra1 43.Ra5 Kh7
44.Kg5 Kg7 45.h5 Rg1+ 46.Kf4 Rf1+ 47.Kg4 Ra1 48.Ra6 f6 49.a5 Rc1 50.Ra7+ Kh6
51.a6 Rc5 52.Rf7 Rg5+ 53.Kf4 Rxh5 54.Rxf6+ Kg7 55.Rb6 Ra5 56.Ke4 Kf7 57.Kd4 Ke7
58.Kc4 Kd7 59.Kb4 Ra1 60.Rh6 Kc7  1/2-1/2

[Event "Peer Gynt"]
[Site "Gausdal"]
[Date "1992.??.??"]
[Round "9"]
[White "Tammela, Kari"]
[Black "Krog, C."]
[Result "1/2-1/2"]
[WhiteElo "2340"]
[BlackElo "2300"]

1.e4 e6 2.d4 d5 3.Nd2 Nc6 4.Ngf3 Nf6 5.e5 Nd7 6.c3 f6 7.exf6 Qxf6 8.Bd3 Bd6
9.Nf1 e5 10.dxe5 Ncxe5 11.Be2 Nxf3+ 12.Bxf3 c6 13.Be3 O-O 14.Ng3 Ne5 15.Be2 Be6
16.O-O Qh4 17.Qd4 Ng4 18.Bxg4 Qxg4 19.Qxg4 Bxg4 20.f3 Bc8 21.Rad1 b6 22.Bf2 Ba6
23.Rfe1 Rad8 24.Ne2 c5 25.Bg3 Bxe2 26.Rxe2 Bxg3 27.hxg3 Rd7 28.Kf2 Kf7 29.Rh1 h6
30.Rh4 Rb8 31.Rf4+ Kg8 32.Ke1 Rf8 33.Rh4 Rdd8 34.Kd2 Rfe8 35.Rxe8+ Rxe8 36.Rh5 Rd8
37.Re5 Kf7 38.f4 Rd7 39.Kd3 Rd8 40.Kd2 Rd7 41.b4 Kf6 42.Kd3 g5 43.a4 Rd6
44.a5 g4 45.bxc5 bxc5 46.c4 dxc4+ 47.Kxc4 Rd2 48.Kxc5 Rxg2 49.Re3 Rb2 50.Rd3 Kf5
51.Rd6 Ke4 52.Rxh6 Rb3 53.Re6+ Kf3 54.f5 Kxg3 55.Rg6 Ra3 56.Kb5 Rf3 57.f6 Kh4
58.Ka6 Kh5 59.Rg8 Rxf6+ 60.Kxa7 Kh4 61.Rh8+ Kg3 62.Rg8 Kf3 63.a6  1/2-1/2

[Event "Geneve op"]
[Site "Geneve"]
[Date "1992.??.??"]
[Round "4"]
[White "Psakhis, Lev"]
[Black "Landenbergue, Claude"]
[Result "1-0"]
[WhiteElo "2605"]
[BlackElo "2410"]

1.e4 e6 2.d4 d5 3.Nd2 Nc6 4.Ngf3 Nf6 5.e5 Nd7 6.Bb5 Ncb8 7.O-O b6 8.Re1 Be7
9.Nf1 Ba6 10.Ba4 c5 11.c3 b5 12.Bc2 Nc6 13.dxc5 Bxc5 14.b4 Be7 15.Bd3 Nb6
16.Ng3 Nc4 17.Nh5 g6 18.Nf6+ Bxf6 19.exf6 Bb7 20.a4 Qxf6 21.axb5 N6e5 22.Nxe5 Nxe5
23.Be3 d4 24.Bxd4  1-0